000 00667nam a2200277Ia 4500
005 20260324145239.0
008 008 260324s9999 xx 000 0 eng d
020 _a9780429047107
037 _aEBOOK
040 _aCRL
040 _beng
040 _cCRL
041 _2eng
041 _aeng
084 _qCRL
100 _aAlan Richards
_91219586
245 0 _aMigration, Mechanization, And Agricultural Labor Markets In Egypt
260 _bTaylor and Francis
260 _c1983
365 _a
365 _b230
856 _uhttp://www.taylorfrancis.com/books/9780429047107
942 _cEBOOK
999 _c1829919
_d1829919